<?xml version="1.0" encoding="UTF-8"?><?xml-stylesheet type="text/xsl" href="static/style.xsl"?><OAI-PMH xmlns="http://www.openarchives.org/OAI/2.0/" xmlns:xsi="http://www.w3.org/2001/XMLSchema-instance" xsi:schemaLocation="http://www.openarchives.org/OAI/2.0/ http://www.openarchives.org/OAI/2.0/OAI-PMH.xsd"><responseDate>2026-04-27T19:59:00Z</responseDate><request verb="GetRecord" identifier="oai:uvadoc.uva.es:10324/65131" metadataPrefix="marc">https://uvadoc.uva.es/oai/request</request><GetRecord><record><header><identifier>oai:uvadoc.uva.es:10324/65131</identifier><datestamp>2025-02-19T12:52:31Z</datestamp><setSpec>com_10324_1175</setSpec><setSpec>com_10324_931</setSpec><setSpec>com_10324_894</setSpec><setSpec>col_10324_1355</setSpec></header><metadata><record xmlns="http://www.loc.gov/MARC21/slim" xmlns:doc="http://www.lyncode.com/xoai" xmlns:xsi="http://www.w3.org/2001/XMLSchema-instance" xmlns:dcterms="http://purl.org/dc/terms/" xsi:schemaLocation="http://www.loc.gov/MARC21/slim http://www.loc.gov/standards/marcxml/schema/MARC21slim.xsd">
<leader>00925njm 22002777a 4500</leader>
<datafield tag="042" ind1=" " ind2=" ">
<subfield code="a">dc</subfield>
</datafield>
<datafield tag="720" ind1=" " ind2=" ">
<subfield code="a">Panero García, María Pilar</subfield>
<subfield code="e">author</subfield>
</datafield>
<datafield tag="260" ind1=" " ind2=" ">
<subfield code="c">2022</subfield>
</datafield>
<datafield tag="520" ind1=" " ind2=" ">
<subfield code="a">RESUMEN Este artículo nos centraremos en varios contextos rituales de Castilla y León en los que los textos poéticos son centrales en la celebración. Estos eran elaborados ex profeso para cada ocasión por versificadores locales; sin embargo, muchas han desaparecido, otras se han fijado a través de los cancioneros o de copias manuscritas y se repiten año tras año como forma fija y algunas se mantienen, aunque amenazadas por cambios de calado en los ritos y la atonía demográfica. Los brindis y agasajos, los ramos como cánticos y poesías de bienvenida, las relaciones de quintos en ritos de paso a la edad adulta nos servirán de ejemplos. ABSTRACT This article will focus on several ritual contexts in Castile and León in which poetic texts are central to the celebration. These were elaborated expressly for each occasion by local versifiers; however, many have disappeared, others have been fixed through songbooks or manuscript copies and are repeated year after year as a fixed form, and some remain, although threatened by profound changes in the rites and demographic atony. The toasts and feasts, the bouquets as songs and poems of welcome, the relations of quintos in rites of passage to adulthood will serve as examples. PALABRAS CLAVE Versificadores locales | oralidad | performance | agasajo | Carnaval tradicional KEYWORDS Local verifiers | orality | performance | offering | traditional Carnival</subfield>
</datafield>
<datafield tag="024" ind2=" " ind1="8">
<subfield code="a">Gazeta de Antropología. Monográfico Improvisación poética y performance: aspectos antropológicos, literarios y musicales, nº 38 (1), artículo 04, 18 pp. ISSN: 2340-2792.</subfield>
</datafield>
<datafield tag="024" ind2=" " ind1="8">
<subfield code="a">2340-2792</subfield>
</datafield>
<datafield tag="024" ind2=" " ind1="8">
<subfield code="a">https://uvadoc.uva.es/handle/10324/65131</subfield>
</datafield>
<datafield tag="024" ind2=" " ind1="8">
<subfield code="a">10.30827/Digibug.72375</subfield>
</datafield>
<datafield tag="024" ind2=" " ind1="8">
<subfield code="a">1</subfield>
</datafield>
<datafield tag="024" ind2=" " ind1="8">
<subfield code="a">38(1)</subfield>
</datafield>
<datafield tag="024" ind2=" " ind1="8">
<subfield code="a">18</subfield>
</datafield>
<datafield tag="024" ind2=" " ind1="8">
<subfield code="a">Gazeta de Antropología</subfield>
</datafield>
<datafield ind1=" " ind2=" " tag="653">
<subfield code="a">Antropología, Literaturas populares</subfield>
</datafield>
<datafield tag="245" ind1="0" ind2="0">
<subfield code="a">Textos y contextos de antiguas versificaciones rurales en Castilla y León</subfield>
</datafield>
</record></metadata></record></GetRecord></OAI-PMH>